| 000 | 01570cam a22003617a 4500 | ||
|---|---|---|---|
| 001 | 14916376 | ||
| 005 | 20080522145508.0 | ||
| 008 | 070705s2008 gw a b 001 0 eng d | ||
| 010 | _a 2007932291 | ||
| 020 | _a3540488294 | ||
| 020 | _a9783540488293 | ||
| 035 | _a(OCoLC)ocn171111969 | ||
| 040 |
_aYDXCP _cYDXCP _dBAKER _dUUM _dIXA _dDLC |
||
| 042 | _alccopycat | ||
| 050 | 0 | 0 |
_aQC225.7 _b.V67 2008 |
| 082 | 0 | 0 |
_a006.5 _222 _bVOR |
| 100 | 1 |
_aVorlander, Michael _923342 |
|
| 245 | 1 | 0 |
_aAuralization : _bFundamentals of Acoustics, Modelling, Simulation, Algorithms and Acoustic Virtual Reality / _cMichael Vorlander. |
| 260 |
_aBerlin : _bSpringer, 2008 _cc2008. |
||
| 300 |
_ax, 335 p. : _bill. ; _c24 cm. |
||
| 504 | _aIncludes bibliographical references (p. [319]-330) and index. | ||
| 650 | 0 |
_aSound _xComputer simulation. _923343 |
|
| 650 | 0 |
_aVirtual reality. _923344 |
|
| 650 | 0 |
_aPsychoacoustics. _923345 |
|
| 653 |
_bCS _cApril2011 |
||
| 856 | 4 | 2 |
_3Contributor biographical information _uhttp://www.loc.gov/catdir/enhancements/fy0825/2007932291-b.html |
| 856 | 4 | 2 |
_3Publisher description _uhttp://www.loc.gov/catdir/enhancements/fy0825/2007932291-d.html |
| 856 | 4 | 1 |
_3Table of contents only _uhttp://www.loc.gov/catdir/enhancements/fy0825/2007932291-t.html |
| 942 |
_2ddc _cBB |
||
| 999 |
_c15181 _d15181 |
||